|
|
|
|
| LEADER |
02660nam a2200637 i 4500 |
| 001 |
nkc20193082221 |
| 003 |
CZ PrNK |
| 005 |
20190611105622.0 |
| 007 |
ta |
| 008 |
190313s2018 xr ac f 100 0 cze |
| 015 |
|
|
|a cnb003082221
|
| 020 |
|
|
|a 978-80-7068-335-4
|q (brožováno)
|z 978-80-7068-335-1 :
|c neprodejné
|
| 035 |
|
|
|a (OCoLC)1104144744
|
| 040 |
|
|
|a ABA001
|b cze
|e rda
|
| 041 |
1 |
|
|a cze
|a eng
|a slo
|h cze
|
| 043 |
|
|
|a e------
|
| 072 |
|
7 |
|a 7.01/.09
|x Umění
|2 Konspekt
|9 21
|
| 080 |
|
|
|a 72/76.077
|2 MRF
|
| 080 |
|
|
|a 72/76:061
|2 MRF
|
| 080 |
|
|
|a 316.7:061
|2 MRF
|
| 080 |
|
|
|a 7.078
|2 MRF
|
| 080 |
|
|
|a 304.2/.4
|2 MRF
|
| 080 |
|
|
|a (4)
|2 MRF
|
| 080 |
|
|
|a (062.534)
|2 MRF
|
| 111 |
2 |
|
|a Umění žije! Amatérské umění v Evropě (konference)
|d (2018 :
|c Svitavy, Česko)
|7 ko20191032415
|4 aut
|
| 245 |
1 |
0 |
|a Umění žije! :
|b amatérské umění v Evropě = Art Is Alive! : non-professional art in Europe /
|c překlad: David Pinkava
|
| 246 |
3 |
0 |
|a Amatérské umění v Evropě
|
| 246 |
3 |
0 |
|a Non-professional art in Europe
|
| 246 |
3 |
1 |
|a Art Is Alive!
|
| 250 |
|
|
|a První vydání
|
| 264 |
|
1 |
|a Praha :
|b Národní informační a poradenské středisko pro kulturu (NIPOS),
|c 2018
|
| 300 |
|
|
|a 42, 44 stran :
|b ilustrace (převážně barevné), portréty ;
|c 19 x 22 cm
|
| 336 |
|
|
|a text
|b txt
|2 rdacontent
|
| 337 |
|
|
|a bez média
|b n
|2 rdamedia
|
| 338 |
|
|
|a svazek
|b nc
|2 rdacarrier
|
| 500 |
|
|
|a "Sborník příspěvků z mezinárodní konference, Svitavy 20.-21.9.2018""--Rub titulní stránky
|
| 500 |
|
|
|a 300 výtisků
|
| 504 |
|
|
|a Obsahuje bibliografii a bibliografické odkazy
|
| 546 |
|
|
|a Souběžný anglický text tištěn zvratmo včetně vlastní titulní stránky, částečně slovenský text
|
| 650 |
0 |
7 |
|a amatérské umění
|7 ph1035309
|z Evropa
|2 czenas
|
| 650 |
0 |
7 |
|a umělecké organizace
|7 ph126894
|z Evropa
|2 czenas
|
| 650 |
0 |
7 |
|a kulturní instituce a organizace
|7 ph115032
|z Evropa
|2 czenas
|
| 650 |
0 |
7 |
|a podpora umění
|7 ph135205
|z Evropa
|2 czenas
|
| 650 |
0 |
7 |
|a kulturní politika
|7 ph122027
|z Evropa
|2 czenas
|
| 650 |
0 |
9 |
|a amateur art
|z Europe
|2 eczenas
|
| 650 |
0 |
9 |
|a art organizations
|z Europe
|2 eczenas
|
| 650 |
0 |
9 |
|a cultural institutions and organizations
|z Europe
|2 eczenas
|
| 650 |
0 |
9 |
|a encouragement of art
|z Europe
|2 eczenas
|
| 650 |
0 |
9 |
|a cultural policy
|z Europe
|2 eczenas
|
| 655 |
|
7 |
|a sborníky konferencí
|7 fd133333
|2 czenas
|
| 655 |
|
9 |
|a proceedings of conferences
|2 eczenas
|
| 700 |
1 |
|
|a Pinkava, David
|7 ola20191036300
|4 trl
|
| 910 |
2 |
|
|a BOA001
|b 2-1426.738
|
| 990 |
|
|
|a BK
|
| 995 |
|
|
|a 01
|
| 996 |
6 |
|
|b 2610785793
|c 2-1426.738
|l MZK
|r Sklad / do 1 hodiny
|n 1
|p p.v.
|w 001728744
|u 000010
|a 1
|e BOA001
|j MZK50
|s P
|